000 00896cab a2200229 4500
001 ABS54374
008 090401t1996 xxu||||| |||| 00| 0 eng d
035 _a(Sirsi) u10024
041 _aeng
245 _aCrawley BC v Ure
260 _c1996
350 _a0
490 _aProperty and Compensation Reports
_v(1996) 71 P&CR 12-23(12)
520 _aCA 8 February 1995. Appeal against a possession order on the grounds that there had been a breach of trust as his wife as a joint tenant had failed to consult the appellant about submitting notice to quit under Law of Property Act 1925 s26(3). Notice to quit held to be effective termination of joint tenancy.
650 _aBREACH OF TRUST
650 _aJOINT TENANCY
650 _aNOTICE TO QUIT
650 _aTERMINATION OF TENANCY
690 _aLANDLORD AND TENANT-CASE LAW-RESIDENTIAL TENANCIES
942 _n0
948 _c04/03/1997
999 _c6299
_d6299